[Event "V4Liptov2018"]
[Site "?"]
[Date "2018.06.24"]
[Round "4.10"]
[White "Sulkowski, Dawid"]
[Black "Vantuch, Lucian"]
[Result "0-1"]
[BlackElo "1956"]
[WhiteElo "1501"]
[LiveChessVersion "1.4.8"]

1. e4 {[%clk 1:00:57]} c5 {[%clk 1:00:50]} 2. Nf3 {[%clk 1:01:19]} e6
{[%clk 1:01:16]} 3. d4 {[%clk 1:01:42]} cxd4 {[%clk 1:01:42]} 4. Nxd4
{[%clk 1:02:08]} a6 {[%clk 1:02:04]} 5. Nc3 {[%clk 1:02:15]} Qc7 {[%clk 1:02:19]}
6. Bd3 {[%clk 1:01:57]} Bc5 {[%clk 1:02:29]} 7. Nb3 {[%clk 1:02:07]} Be7
{[%clk 1:02:54]} 8. O-O {[%clk 1:01:53]} Nf6 {[%clk 1:02:17]} 9. Be3
{[%clk 1:01:56]} d6 {[%clk 1:02:01]} 10. f4 {[%clk 1:01:49]} Nbd7
{[%clk 1:01:40]} 11. Qf3 {[%clk 1:00:01]} b6 {[%clk 0:59:21]} 12. Rad1
{[%clk 0:57:31]} Bb7 {[%clk 0:59:27]} 13. Qg3 {[%clk 0:56:44]} g6
{[%clk 0:57:35]} 14. a3 {[%clk 0:50:02]} h5 {[%clk 0:54:30]} 15. h3
{[%clk 0:45:57]} h4 {[%clk 0:48:43]} 16. Qf2 {[%clk 0:44:50]} Nh5
{[%clk 0:41:33]} 17. Rd2 {[%clk 0:41:30]} Ng3 {[%clk 0:39:51]} 18. Rfd1
{[%clk 0:41:32]} Nc5 {[%clk 0:33:56]} 19. Nxc5 {[%clk 0:38:51]} bxc5
{[%clk 0:34:16]} 20. Qf3 {[%clk 0:24:22]} c4 {[%clk 0:10:06]} 21. Bf1
{[%clk 0:22:50]} f5 {[%clk 0:08:56]} 22. Rd4 {[%clk 0:21:06]} Nxe4
{[%clk 0:08:11]} 23. Rxc4 {[%clk 0:20:01]} Nxc3 {[%clk 0:07:09]} 24. Rxc7
{[%clk 0:13:10]} Bxf3 {[%clk 0:07:32]} 25. Re1 {[%clk 0:10:49]} Nd5
{[%clk 0:06:42]} 26. Rxe7+ {[%clk 0:10:57]} Kxe7 {[%clk 0:07:03]} 27. gxf3
{[%clk 0:11:21]} Nxe3 {[%clk 0:07:24]} 28. Rxe3 {[%clk 0:11:49]} Rhc8
{[%clk 0:06:35]} 29. c3 {[%clk 0:11:46]} Rc6 {[%clk 0:06:21]} 30. Bd3
{[%clk 0:10:39]} Rb8 {[%clk 0:05:22]} 31. Re2 {[%clk 0:10:53]} Kf6
{[%clk 0:05:08]} 32. Kf2 {[%clk 0:11:05]} e5 {[%clk 0:04:42]} 33. fxe5+
{[%clk 0:11:24]} dxe5 {[%clk 0:05:06]} 34. Rc2 {[%clk 0:11:19]} Kg5
{[%clk 0:04:38]} 35. b4 {[%clk 0:11:26]} Kf4 {[%clk 0:04:48]} 36. c4
{[%clk 0:11:37]} e4 {[%clk 0:04:55]} 37. fxe4 {[%clk 0:11:57]} fxe4
{[%clk 0:05:19]} 38. Be2 {[%clk 0:12:02]} a5 {[%clk 0:04:33]} 39. b5
{[%clk 0:09:39]} Rxb5 {[%clk 0:04:44]} 40. cxb5 {[%clk 0:08:01]} Rxc2
{[%clk 0:05:09]} 41. a4 {[%clk 0:08:12]} Rb2 {[%clk 0:05:14]} 42. Kf1
{[%clk 0:08:15]} Kg3 {[%clk 0:05:07]} 43. Bg4 {[%clk 0:08:33]} Rb4
{[%clk 0:04:43]} 44. Bc8 {[%clk 0:08:37]} Rxa4 {[%clk 0:05:05]} 45. b6
{[%clk 0:09:02]} Rb4 {[%clk 0:05:31]} 46. b7 {[%clk 0:09:25]} a4 {[%clk 0:05:55]}
0-1

[Event "V4Liptov2018"]
[Site "?"]
[Date "2018.06.24"]
[Round "4.11"]
[White "Frank, Adam"]
[Black "Adamczyk, Zuzanna"]
[Result "1-0"]
[BlackElo "1750"]
[WhiteElo "1993"]
[LiveChessVersion "1.4.8"]

1. e4 {[%clk 1:00:57]} c5 {[%clk 1:00:50]} 2. Nf3 {[%clk 1:01:24]} e6
{[%clk 1:01:06]} 3. d4 {[%clk 1:01:50]} cxd4 {[%clk 1:01:28]} 4. Nxd4
{[%clk 1:02:15]} Nc6 {[%clk 1:01:33]} 5. Nc3 {[%clk 1:02:28]} Qc7
{[%clk 1:01:41]} 6. Ndb5 {[%clk 0:58:47]} Qb8 {[%clk 1:01:15]} 7. Be3
{[%clk 0:56:31]} Nf6 {[%clk 0:55:56]} 8. f4 {[%clk 0:51:11]} a6 {[%clk 0:53:55]}
9. e5 {[%clk 0:40:42]} axb5 {[%clk 0:43:43]} 10. exf6 {[%clk 0:41:01]} gxf6
{[%clk 0:39:02]} 11. Bxb5 {[%clk 0:38:46]} d5 {[%clk 0:32:48]} 12. O-O
{[%clk 0:36:35]} Bd7 {[%clk 0:28:17]} 13. Qe2 {[%clk 0:32:41]} Be7
{[%clk 0:24:10]} 14. Rad1 {[%clk 0:20:02]} Qc7 {[%clk 0:20:10]} 15. Qf2
{[%clk 0:16:34]} f5 {[%clk 0:16:58]} 16. Bb6 {[%clk 0:15:21]} Qd6
{[%clk 0:15:20]} 17. Rfe1 {[%clk 0:13:06]} Nb4 {[%clk 0:12:43]} 18. a3
{[%clk 0:07:37]} Na6 {[%clk 0:09:00]} 19. Bxa6 {[%clk 0:07:18]} Rxa6
{[%clk 0:07:07]} 20. Nxd5 {[%clk 0:07:15]} exd5 {[%clk 0:07:00]} 21. Bc5
{[%clk 0:07:41]} Qc6 {[%clk 0:05:59]} 22. Rxe7+ {[%clk 0:06:27]} Kd8
{[%clk 0:06:14]} 23. Re5 {[%clk 0:06:18]} Be6 {[%clk 0:05:55]} 24. c4
{[%clk 0:06:30]} f6 {[%clk 0:05:20]} 25. cxd5 {[%clk 0:06:45]} Qd7
{[%clk 0:03:22]} 26. Qe2 {[%clk 0:06:16]} fxe5 {[%clk 0:01:33]} 27. dxe6
{[%clk 0:06:40]} Rxe6 {[%clk 0:01:47]} 28. Rxd7+ {[%clk 0:06:58]} Kxd7
{[%clk 0:02:13]} 29. fxe5 {[%clk 0:06:53]} Rhe8 {[%clk 0:02:36]} 30. Qb5+
{[%clk 0:07:09]} Kc8 {[%clk 0:02:50]} 31. Bd6 {[%clk 0:07:31]} 1-0

[Event "V4Liptov2018"]
[Site "?"]
[Date "2018.06.24"]
[Round "4.12"]
[White "Zniszczol, Wiktoria"]
[Black "Laurincova, Kristyna"]
[Result "0-1"]
[BlackElo "1953"]
[WhiteElo "1546"]
[LiveChessVersion "1.4.8"]

1. e4 {[%clk 1:00:55]} c5 {[%clk 1:00:54]} 2. Nc3 {[%clk 1:01:15]} Nc6
{[%clk 1:01:10]} 3. f4 {[%clk 1:01:30]} g6 {[%clk 1:00:09]} 4. Nf3
{[%clk 1:01:52]} Bg7 {[%clk 0:59:56]} 5. Bc4 {[%clk 1:01:47]} d6 {[%clk 0:52:06]}
6. O-O {[%clk 1:01:00]} Nh6 {[%clk 0:46:13]} 7. d3 {[%clk 0:59:59]} O-O
{[%clk 0:46:19]} 8. Qe1 {[%clk 0:59:19]} Kh8 {[%clk 0:46:00]} 9. f5
{[%clk 0:57:56]} Nd4 {[%clk 0:33:11]} 10. Qh4 {[%clk 0:54:56]} Nxf3+
{[%clk 0:29:43]} 11. Rxf3 {[%clk 0:55:20]} Ng8 {[%clk 0:24:59]} 12. fxg6
{[%clk 0:53:08]} fxg6 {[%clk 0:25:02]} 13. Rxf8 {[%clk 0:47:26]} Qxf8
{[%clk 0:25:25]} 14. Bg5 {[%clk 0:47:08]} e6 {[%clk 0:23:50]} 15. Qf4
{[%clk 0:41:07]} Bd7 {[%clk 0:21:44]} 16. Qxf8 {[%clk 0:38:27]} Rxf8
{[%clk 0:21:03]} 17. Ne2 {[%clk 0:38:48]} b5 {[%clk 0:20:57]} 18. Bb3
{[%clk 0:38:19]} Bxb2 {[%clk 0:21:18]} 19. Rb1 {[%clk 0:36:20]} Bf6
{[%clk 0:18:25]} 20. Bf4 {[%clk 0:33:55]} Be7 {[%clk 0:18:53]} 21. Bd2
{[%clk 0:29:32]} g5 {[%clk 0:17:01]} 22. c4 {[%clk 0:26:30]} b4 {[%clk 0:16:36]}
23. d4 {[%clk 0:25:52]} Bc6 {[%clk 0:13:05]} 24. d5 {[%clk 0:24:57]} Bd7
{[%clk 0:11:52]} 25. a3 {[%clk 0:23:39]} a5 {[%clk 0:10:24]} 26. axb4
{[%clk 0:23:49]} axb4 {[%clk 0:07:50]} 27. Ra1 {[%clk 0:24:12]} exd5
{[%clk 0:07:39]} 28. exd5 {[%clk 0:22:10]} Bg4 {[%clk 0:07:37]} 29. Ng3
{[%clk 0:14:53]} Bf6 {[%clk 0:05:15]} 30. Rf1 {[%clk 0:10:09]} Bd4+
{[%clk 0:05:07]} 31. Kh1 {[%clk 0:10:31]} Rxf1+ {[%clk 0:05:12]} 32. Nxf1
{[%clk 0:10:55]} h6 {[%clk 0:05:00]} 33. Ng3 {[%clk 0:07:11]} Ne7
{[%clk 0:03:31]} 34. h3 {[%clk 0:05:06]} Bd7 {[%clk 0:02:52]} 35. Ne4
{[%clk 0:04:33]} Be5 {[%clk 0:03:21]} 36. g4 {[%clk 0:04:03]} Kg7
{[%clk 0:02:59]} 37. Kg2 {[%clk 0:04:21]} Nc8 {[%clk 0:03:19]} 38. Kf3
{[%clk 0:03:53]} Nb6 {[%clk 0:03:47]} 39. Ke2 {[%clk 0:02:23]} Ba4
{[%clk 0:04:03]} 40. Bxa4 {[%clk 0:02:29]} Nxa4 {[%clk 0:04:32]} 41. Kd1
{[%clk 0:02:32]} Nb2+ {[%clk 0:04:45]} 0-1

[Event "V4Liptov2018"]
[Site "?"]
[Date "2018.06.24"]
[Round "4.13"]
[White "Postanogov, Dmitrii"]
[Black "Sosovicka, Jakub"]
[Result "1/2-1/2"]
[BlackElo "2078"]
[WhiteElo "1743"]
[LiveChessVersion "1.4.8"]

1. e4 {[%clk 1:00:58]} c5 {[%clk 1:00:55]} 2. c3 {[%clk 1:01:21]} d5
{[%clk 1:01:18]} 3. exd5 {[%clk 1:01:42]} Qxd5 {[%clk 1:01:40]} 4. d4
{[%clk 1:02:02]} g6 {[%clk 1:01:43]} 5. Nf3 {[%clk 1:01:58]} Bg7 {[%clk 1:00:58]}
6. Be3 {[%clk 1:02:07]} cxd4 {[%clk 0:59:37]} 7. cxd4 {[%clk 1:02:31]} Qa5+
{[%clk 0:58:12]} 8. Nc3 {[%clk 1:02:30]} Nh6 {[%clk 0:57:44]} 9. Bc4
{[%clk 0:57:34]} O-O {[%clk 0:55:33]} 10. O-O {[%clk 0:52:51]} Nf5
{[%clk 0:53:58]} 11. Qe2 {[%clk 0:52:23]} Nc6 {[%clk 0:52:53]} 12. d5
{[%clk 0:50:16]} Ne5 {[%clk 0:49:59]} 13. Nxe5 {[%clk 0:50:39]} Bxe5
{[%clk 0:50:23]} 14. Rac1 {[%clk 0:41:00]} Rd8 {[%clk 0:46:08]} 15. Rfd1
{[%clk 0:39:22]} Bd7 {[%clk 0:43:35]} 16. h3 {[%clk 0:33:46]} Rac8
{[%clk 0:41:25]} 17. Bb3 {[%clk 0:28:25]} Bg7 {[%clk 0:37:40]} 18. Bd2
{[%clk 0:19:59]} Qb6 {[%clk 0:34:36]} 19. Be3 {[%clk 0:19:37]} Nxe3
{[%clk 0:29:53]} 20. Qxe3 {[%clk 0:19:55]} Qxe3 {[%clk 0:18:10]} 21. fxe3
{[%clk 0:19:19]} Be5 {[%clk 0:17:29]} 22. Kf2 {[%clk 0:18:38]} Rc7
{[%clk 0:16:43]} 23. Ne4 {[%clk 0:16:18]} Rdc8 {[%clk 0:10:26]} 24. Rxc7
{[%clk 0:13:41]} Rxc7 {[%clk 0:10:54]} 25. Rd2 {[%clk 0:14:01]} Bb5
{[%clk 0:00:46]} 26. Ng5 {[%clk 0:11:43]} Rc1 {[%clk 0:00:52]} 27. g4
{[%clk 0:08:18]} h6 {[%clk 0:00:44]} 28. Nf3 {[%clk 0:08:40]} Bc7
{[%clk 0:00:38]} 29. Nd4 {[%clk 0:06:17]} Bd7 {[%clk 0:00:48]} 30. Rc2
{[%clk 0:05:51]} Rxc2+ {[%clk 0:01:17]} 31. Bxc2 {[%clk 0:06:11]} Kg7
{[%clk 0:01:03]} 32. Bd3 {[%clk 0:05:53]} Be5 {[%clk 0:00:44]} 33. Kf3
{[%clk 0:04:18]} 1/2-1/2

[Event "V4Liptov2018"]
[Site "?"]
[Date "2018.06.24"]
[Round "4.14"]
[White "Krupa, Miroslav"]
[Black "Sorokin, Artem"]
[Result "1-0"]
[BlackElo "1592"]
[WhiteElo "2037"]
[LiveChessVersion "1.4.8"]

1. d4 {[%clk 1:00:47]} d5 {[%clk 1:00:55]} 2. Bf4 {[%clk 1:01:13]} Nf6
{[%clk 1:01:18]} 3. e3 {[%clk 1:01:40]} e6 {[%clk 1:01:36]} 4. Nd2
{[%clk 1:02:00]} c5 {[%clk 1:01:59]} 5. c3 {[%clk 1:02:25]} Nc6 {[%clk 1:02:24]}
6. Bd3 {[%clk 1:02:48]} Bd6 {[%clk 1:02:29]} 7. Bg3 {[%clk 1:03:10]} O-O
{[%clk 0:55:42]} 8. Ngf3 {[%clk 1:03:25]} Re8 {[%clk 0:52:22]} 9. Ne5
{[%clk 0:59:23]} Qc7 {[%clk 0:49:11]} 10. f4 {[%clk 0:59:00]} Nd7
{[%clk 0:43:45]} 11. Bxh7+ {[%clk 0:56:11]} Kf8 {[%clk 0:31:47]} 12. Bd3
{[%clk 0:55:49]} Nf6 {[%clk 0:28:44]} 13. Bh4 {[%clk 0:51:53]} Be7
{[%clk 0:23:47]} 14. Qf3 {[%clk 0:50:22]} cxd4 {[%clk 0:22:50]} 15. exd4
{[%clk 0:50:26]} Ng8 {[%clk 0:18:26]} 16. Qh5 {[%clk 0:47:26]} Bxh4+
{[%clk 0:18:39]} 17. Qxh4 {[%clk 0:47:53]} Nh6 {[%clk 0:18:23]} 18. O-O
{[%clk 0:47:54]} Qe7 {[%clk 0:18:11]} 19. Qh5 {[%clk 0:43:53]} Bd7
{[%clk 0:12:23]} 20. g4 {[%clk 0:25:47]} Rec8 {[%clk 0:09:42]} 21. g5
{[%clk 0:21:12]} Ng8 {[%clk 0:10:06]} 22. Ndf3 {[%clk 0:20:22]} 1-0

[Event "V4Liptov2018"]
[Site "?"]
[Date "2018.06.24"]
[Round "4.15"]
[White "Vorobieva, Varvara"]
[Black "Ocko, Dominik"]
[Result "1-0"]
[BlackElo "1971"]
[WhiteElo "1604"]
[LiveChessVersion "1.4.8"]

1. e4 {[%clk 1:00:57]} c5 {[%clk 1:00:45]} 2. d4 {[%clk 1:01:22]} cxd4
{[%clk 1:00:38]} 3. c3 {[%clk 1:01:47]} d3 {[%clk 1:00:28]} 4. Bxd3
{[%clk 1:02:11]} d6 {[%clk 1:00:50]} 5. c4 {[%clk 1:02:12]} g6 {[%clk 1:00:36]}
6. Nc3 {[%clk 1:01:16]} Bg7 {[%clk 1:00:32]} 7. Nge2 {[%clk 1:00:01]} Nc6
{[%clk 0:59:20]} 8. O-O {[%clk 0:59:07]} Nf6 {[%clk 0:58:28]} 9. b3
{[%clk 0:57:36]} O-O {[%clk 0:57:25]} 10. Bb2 {[%clk 0:57:45]} Nd7
{[%clk 0:54:24]} 11. Rc1 {[%clk 0:54:23]} Nc5 {[%clk 0:53:09]} 12. Bb1
{[%clk 0:54:09]} a6 {[%clk 0:40:49]} 13. h3 {[%clk 0:53:25]} b5 {[%clk 0:40:39]}
14. cxb5 {[%clk 0:53:22]} axb5 {[%clk 0:41:03]} 15. Qd2 {[%clk 0:50:21]} Qa5
{[%clk 0:37:19]} 16. Rfd1 {[%clk 0:47:19]} Bb7 {[%clk 0:32:46]} 17. Kh1
{[%clk 0:32:08]} Ne6 {[%clk 0:22:09]} 18. f3 {[%clk 0:22:59]} Ned4
{[%clk 0:16:31]} 19. Nxd4 {[%clk 0:22:59]} Bxd4 {[%clk 0:15:48]} 20. Qe2
{[%clk 0:19:57]} Bg7 {[%clk 0:12:16]} 21. Nd5 {[%clk 0:19:11]} e5
{[%clk 0:07:01]} 22. Rxc6 {[%clk 0:18:16]} Bxc6 {[%clk 0:07:21]} 23. Ne7+
{[%clk 0:18:42]} Kh8 {[%clk 0:07:46]} 24. Nxc6 {[%clk 0:19:05]} Qc7
{[%clk 0:05:21]} 25. Nb4 {[%clk 0:17:42]} Qc5 {[%clk 0:04:30]} 26. Nd5
{[%clk 0:16:54]} f5 {[%clk 0:04:26]} 27. Rc1 {[%clk 0:10:32]} Qa7
{[%clk 0:04:53]} 28. Nc7 {[%clk 0:09:02]} Rac8 {[%clk 0:04:57]} 29. Nxb5
{[%clk 0:07:51]} Rxc1+ {[%clk 0:05:20]} 30. Bxc1 {[%clk 0:08:16]} Qa6
{[%clk 0:04:48]} 31. a4 {[%clk 0:06:30]} Rc8 {[%clk 0:04:53]} 32. Ba3
{[%clk 0:06:08]} Bf8 {[%clk 0:02:29]} 33. exf5 {[%clk 0:05:45]} gxf5
{[%clk 0:02:29]} 34. Bxf5 {[%clk 0:06:06]} Bh6 {[%clk 0:02:12]} 35. Bxc8
{[%clk 0:05:23]} 1-0

[Event "V4Liptov2018"]
[Site "?"]
[Date "2018.06.24"]
[Round "4.16"]
[White "Gresova, Zuzana"]
[Black "Usarova, Evita"]
[Result "1-0"]
[BlackElo "1589"]
[WhiteElo "1920"]
[LiveChessVersion "1.4.8"]

1. d4 {[%clk 1:00:57]} d5 {[%clk 1:00:55]} 2. c4 {[%clk 1:01:21]} e6
{[%clk 1:01:20]} 3. Nc3 {[%clk 1:01:44]} Nf6 {[%clk 1:01:41]} 4. cxd5
{[%clk 1:02:03]} exd5 {[%clk 1:02:07]} 5. Bg5 {[%clk 1:02:21]} Nbd7
{[%clk 1:02:06]} 6. e3 {[%clk 0:58:53]} Be7 {[%clk 1:02:28]} 7. Bd3
{[%clk 0:58:45]} O-O {[%clk 1:02:36]} 8. Qc2 {[%clk 0:56:27]} c6 {[%clk 1:02:19]}
9. Nf3 {[%clk 0:54:58]} Re8 {[%clk 1:02:06]} 10. O-O {[%clk 0:51:11]} Nf8
{[%clk 1:02:14]} 11. Rab1 {[%clk 0:49:58]} g6 {[%clk 1:02:02]} 12. b4
{[%clk 0:48:41]} a6 {[%clk 1:00:46]} 13. a4 {[%clk 0:47:40]} Ne6 {[%clk 0:59:51]}
14. Bh4 {[%clk 0:46:43]} Ng7 {[%clk 0:59:00]} 15. b5 {[%clk 0:43:39]} axb5
{[%clk 0:58:13]} 16. axb5 {[%clk 0:43:52]} Bf5 {[%clk 0:57:55]} 17. Bxf5
{[%clk 0:40:49]} Nxf5 {[%clk 0:58:10]} 18. Bg3 {[%clk 0:40:33]} Nxg3
{[%clk 0:57:43]} 19. hxg3 {[%clk 0:40:34]} Bf8 {[%clk 0:43:05]} 20. bxc6
{[%clk 0:38:53]} bxc6 {[%clk 0:43:19]} 21. Na4 {[%clk 0:35:58]} Qc7
{[%clk 0:30:39]} 22. Nc5 {[%clk 0:33:24]} Bd6 {[%clk 0:24:02]} 23. Rfc1
{[%clk 0:26:44]} Rac8 {[%clk 0:19:21]} 24. Rb7 {[%clk 0:21:53]} Qd8
{[%clk 0:16:43]} 25. Rcb1 {[%clk 0:18:05]} Ne4 {[%clk 0:12:47]} 26. Rd7
{[%clk 0:15:05]} Qf6 {[%clk 0:12:11]} 27. Nxe4 {[%clk 0:14:24]} dxe4
{[%clk 0:12:30]} 28. Nd2 {[%clk 0:14:07]} Qe6 {[%clk 0:09:51]} 29. Rbb7
{[%clk 0:13:26]} c5 {[%clk 0:07:41]} 30. Rxf7 {[%clk 0:09:11]} Qxf7
{[%clk 0:07:59]} 31. Rxf7 {[%clk 0:09:33]} Kxf7 {[%clk 0:08:18]} 32. Nxe4
{[%clk 0:05:53]} Bf8 {[%clk 0:06:13]} 33. dxc5 {[%clk 0:05:07]} Rc6
{[%clk 0:05:05]} 34. Qb3+ {[%clk 0:05:11]} 1-0

[Event "V4Liptov2018"]
[Site "?"]
[Date "2018.06.24"]
[Round "4.17"]
[White "Ptacek, Jan"]
[Black "Durica, Adam"]
[Result "0-1"]
[BlackElo "1950"]
[WhiteElo "1847"]
[LiveChessVersion "1.4.8"]

1. e4 {[%clk 1:00:58]} d6 {[%clk 1:00:51]} 2. Nf3 {[%clk 1:01:15]} Nf6
{[%clk 1:01:10]} 3. d3 {[%clk 1:00:35]} c5 {[%clk 0:59:25]} 4. g3
{[%clk 1:00:54]} Nc6 {[%clk 0:59:25]} 5. Bg2 {[%clk 1:01:16]} g6 {[%clk 0:58:19]}
6. O-O {[%clk 1:01:33]} Bg7 {[%clk 0:58:35]} 7. c3 {[%clk 1:01:00]} O-O
{[%clk 0:58:05]} 8. Ne1 {[%clk 1:00:55]} Qb6 {[%clk 0:56:48]} 9. h3
{[%clk 1:00:58]} Ne8 {[%clk 0:56:36]} 10. Kh2 {[%clk 1:00:59]} f5
{[%clk 0:55:57]} 11. f4 {[%clk 1:00:12]} e5 {[%clk 0:55:28]} 12. Na3
{[%clk 0:57:24]} Be6 {[%clk 0:53:45]} 13. Nc4 {[%clk 0:55:35]} Qc7
{[%clk 0:53:30]} 14. a4 {[%clk 0:55:23]} fxe4 {[%clk 0:50:16]} 15. Ne3
{[%clk 0:53:14]} exf4 {[%clk 0:48:44]} 16. gxf4 {[%clk 0:51:36]} d5
{[%clk 0:45:57]} 17. dxe4 {[%clk 0:46:47]} dxe4 {[%clk 0:46:14]} 18. Bxe4
{[%clk 0:45:26]} Rxf4 {[%clk 0:46:31]} 0-1

[Event "V4Liptov2018"]
[Site "?"]
[Date "2018.06.24"]
[Round "4.18"]
[White "Holly, Andrej"]
[Black "Volaninova, Sarka"]
[Result "1/2-1/2"]
[BlackElo "1680"]
[WhiteElo "1924"]
[LiveChessVersion "1.4.8"]

1. c4 {[%clk 1:00:57]} c5 {[%clk 1:00:48]} 2. g3 {[%clk 1:01:24]} Nc6
{[%clk 1:00:41]} 3. Bg2 {[%clk 1:01:50]} e6 {[%clk 1:00:42]} 4. Nf3
{[%clk 1:01:01]} Nf6 {[%clk 1:00:39]} 5. d3 {[%clk 1:00:44]} d5 {[%clk 0:59:25]}
6. Nbd2 {[%clk 1:00:49]} Be7 {[%clk 0:58:49]} 7. O-O {[%clk 1:01:04]} O-O
{[%clk 0:58:35]} 8. b3 {[%clk 0:59:49]} b6 {[%clk 0:56:07]} 9. Bb2
{[%clk 0:58:50]} Bb7 {[%clk 0:55:50]} 10. e4 {[%clk 0:54:49]} dxe4
{[%clk 0:51:14]} 11. dxe4 {[%clk 0:55:04]} Qc7 {[%clk 0:49:21]} 12. e5
{[%clk 0:54:01]} Nd7 {[%clk 0:49:16]} 13. Qe2 {[%clk 0:51:26]} Rfd8
{[%clk 0:48:24]} 14. Rad1 {[%clk 0:50:52]} Nf8 {[%clk 0:46:52]} 15. h4
{[%clk 0:47:18]} Rd7 {[%clk 0:41:12]} 16. Ne4 {[%clk 0:43:19]} Rad8
{[%clk 0:37:44]} 17. Rxd7 {[%clk 0:41:02]} Nxd7 {[%clk 0:37:07]} 18. Neg5
{[%clk 0:36:38]} h6 {[%clk 0:34:53]} 19. Nh3 {[%clk 0:36:41]} Nf8
{[%clk 0:33:51]} 20. Nf4 {[%clk 0:35:48]} a6 {[%clk 0:30:19]} 21. Nh5
{[%clk 0:35:29]} Ng6 {[%clk 0:29:55]} 22. Qe3 {[%clk 0:34:27]} Bf8
{[%clk 0:28:24]} 23. g4 {[%clk 0:33:26]} Nce7 {[%clk 0:27:34]} 24. g5
{[%clk 0:30:22]} Nf5 {[%clk 0:25:57]} 25. Qe2 {[%clk 0:29:25]} Bxf3
{[%clk 0:24:20]} 26. Bxf3 {[%clk 0:29:45]} Ngxh4 {[%clk 0:24:16]} 27. gxh6
{[%clk 0:29:14]} Nxf3+ {[%clk 0:21:52]} 28. Qxf3 {[%clk 0:29:30]} Nxh6
{[%clk 0:21:55]} 29. Qg3 {[%clk 0:25:29]} Kh8 {[%clk 0:21:15]} 30. Bc1
{[%clk 0:21:13]} Rd4 {[%clk 0:17:27]} 1/2-1/2

[Event "V4Liptov2018"]
[Site "?"]
[Date "2018.06.24"]
[Round "4.19"]
[White "Cipl, Jan"]
[Black "Sivcak, Matej"]
[Result "1/2-1/2"]
[BlackElo "1879"]
[WhiteElo "1481"]
[LiveChessVersion "1.4.8"]

1. e4 {[%clk 1:00:52]} d6 {[%clk 1:00:55]} 2. d4 {[%clk 1:00:56]} Nf6
{[%clk 1:01:23]} 3. Nc3 {[%clk 1:00:51]} Nbd7 {[%clk 1:01:37]} 4. Nf3
{[%clk 1:00:25]} e5 {[%clk 1:01:36]} 5. Bg5 {[%clk 0:59:11]} Be7 {[%clk 1:01:34]}
6. Bc4 {[%clk 0:58:22]} c6 {[%clk 1:01:35]} 7. dxe5 {[%clk 0:57:03]} dxe5
{[%clk 1:01:45]} 8. O-O {[%clk 0:56:32]} Qc7 {[%clk 0:57:16]} 9. Qe2
{[%clk 0:54:01]} b5 {[%clk 0:56:12]} 10. Bb3 {[%clk 0:53:15]} a5 {[%clk 0:55:58]}
11. a3 {[%clk 0:52:41]} Nb6 {[%clk 0:53:49]} 12. Rfd1 {[%clk 0:46:55]} O-O
{[%clk 0:52:07]} 13. Rd2 {[%clk 0:45:21]} Ba6 {[%clk 0:50:32]} 14. Qe1
{[%clk 0:44:36]} b4 {[%clk 0:41:41]} 15. axb4 {[%clk 0:41:39]} axb4
{[%clk 0:39:39]} 16. Na4 {[%clk 0:39:53]} Nc4 {[%clk 0:30:02]} 17. Rdd1
{[%clk 0:34:05]} c5 {[%clk 0:28:00]} 18. Bh4 {[%clk 0:31:54]} Bb5
{[%clk 0:25:11]} 19. Bxc4 {[%clk 0:29:55]} Bxc4 {[%clk 0:24:53]} 20. b3
{[%clk 0:30:17]} Bb5 {[%clk 0:23:56]} 21. Nb2 {[%clk 0:28:11]} 1/2-1/2

[Event "V4Liptov2018"]
[Site "?"]
[Date "2018.06.24"]
[Round "4.20"]
[White "Korenova, Simona"]
[Black "Cizek, Jan"]
[Result "1-0"]
[BlackElo "1400"]
[WhiteElo "1736"]
[LiveChessVersion "1.4.8"]

1. c4 {[%clk 1:00:58]} e5 {[%clk 1:00:51]} 2. Nc3 {[%clk 1:01:18]} Nc6
{[%clk 1:01:14]} 3. g3 {[%clk 1:01:42]} g6 {[%clk 1:01:37]} 4. Bg2
{[%clk 1:01:52]} Bg7 {[%clk 1:01:57]} 5. e3 {[%clk 1:01:45]} d6 {[%clk 1:01:10]}
6. Nge2 {[%clk 1:01:38]} f5 {[%clk 1:00:53]} 7. O-O {[%clk 1:01:37]} Nf6
{[%clk 1:00:52]} 8. d4 {[%clk 1:01:02]} O-O {[%clk 1:00:56]} 9. a3
{[%clk 0:59:46]} Bd7 {[%clk 0:57:34]} 10. b4 {[%clk 0:58:01]} Rb8
{[%clk 0:57:20]} 11. Bb2 {[%clk 0:57:18]} Kh8 {[%clk 0:54:38]} 12. Na4
{[%clk 0:52:55]} Qe8 {[%clk 0:52:00]} 13. b5 {[%clk 0:51:28]} Ne7
{[%clk 0:52:01]} 14. dxe5 {[%clk 0:50:39]} dxe5 {[%clk 0:49:37]} 15. Bxe5
{[%clk 0:50:15]} a6 {[%clk 0:49:07]} 16. Bxc7 {[%clk 0:47:27]} Rc8
{[%clk 0:49:26]} 17. Bd6 {[%clk 0:46:37]} axb5 {[%clk 0:49:00]} 18. Nb6
{[%clk 0:46:14]} Rd8 {[%clk 0:47:18]} 19. Bc7 {[%clk 0:44:56]} 1-0

[Event "V4Liptov2018"]
[Site "?"]
[Date "2018.06.24"]
[Round "4.21"]
[White "Kulesza, Andrzej"]
[Black "Lengyel, Andrea"]
[Result "1-0"]
[BlackElo "1938"]
[WhiteElo "1934"]
[LiveChessVersion "1.4.8"]

1. e4 {[%clk 1:00:52]} c5 {[%clk 1:00:56]} 2. Nf3 {[%clk 1:00:56]} Nc6
{[%clk 1:01:21]} 3. d4 {[%clk 1:01:01]} cxd4 {[%clk 1:01:47]} 4. Nxd4
{[%clk 1:01:10]} Nf6 {[%clk 1:02:04]} 5. Nc3 {[%clk 1:00:56]} e5 {[%clk 1:02:28]}
6. Ndb5 {[%clk 1:00:49]} d6 {[%clk 1:02:48]} 7. Bg5 {[%clk 1:00:32]} a6
{[%clk 1:03:13]} 8. Na3 {[%clk 1:00:30]} b5 {[%clk 1:03:38]} 9. Nd5
{[%clk 1:00:03]} Be7 {[%clk 1:04:00]} 10. Bxf6 {[%clk 0:59:34]} Bxf6
{[%clk 1:04:24]} 11. c3 {[%clk 0:59:21]} O-O {[%clk 1:04:35]} 12. Nc2
{[%clk 0:54:57]} Bg5 {[%clk 1:04:53]} 13. a4 {[%clk 0:54:03]} bxa4
{[%clk 1:04:55]} 14. Rxa4 {[%clk 0:54:20]} a5 {[%clk 1:05:18]} 15. Bc4
{[%clk 0:53:52]} Kh8 {[%clk 1:03:25]} 16. Nce3 {[%clk 0:48:31]} Ne7
{[%clk 1:01:08]} 17. h4 {[%clk 0:45:36]} Bxe3 {[%clk 0:59:58]} 18. Nxe3
{[%clk 0:43:21]} f5 {[%clk 0:59:27]} 19. exf5 {[%clk 0:42:42]} Nxf5
{[%clk 0:59:31]} 20. Nxf5 {[%clk 0:42:18]} Bxf5 {[%clk 0:59:31]} 21. O-O
{[%clk 0:41:55]} Bd7 {[%clk 0:58:31]} 22. Ra3 {[%clk 0:40:10]} Qxh4
{[%clk 0:52:36]} 23. Qxd6 {[%clk 0:39:28]} Rfd8 {[%clk 0:39:30]} 24. Bd5
{[%clk 0:39:14]} Bb5 {[%clk 0:38:32]} 25. Qxe5 {[%clk 0:38:45]} Bxf1
{[%clk 0:33:55]} 26. Bxa8 {[%clk 0:39:03]} Rxa8 {[%clk 0:21:27]} 27. Kxf1
{[%clk 0:39:25]} Qh1+ {[%clk 0:21:51]} 28. Ke2 {[%clk 0:39:32]} Rd8
{[%clk 0:21:18]} 29. Rxa5 {[%clk 0:25:41]} Qd1+ {[%clk 0:19:11]} 30. Ke3
{[%clk 0:26:03]} Qe1+ {[%clk 0:16:53]} 31. Kf3 {[%clk 0:23:25]} Rf8+
{[%clk 0:16:39]} 32. Kg4 {[%clk 0:23:41]} Qxf2 {[%clk 0:16:37]} 33. Qe4
{[%clk 0:21:42]} Qxb2 {[%clk 0:14:09]} 34. Ra8 {[%clk 0:21:55]} Qf2
{[%clk 0:13:46]} 35. c4 {[%clk 0:20:41]} h6 {[%clk 0:11:33]} 36. Rxf8+
{[%clk 0:20:13]} Qxf8 {[%clk 0:12:01]} 37. Qd5 {[%clk 0:20:31]} g5
{[%clk 0:10:45]} 38. Qe5+ {[%clk 0:20:24]} Kg8 {[%clk 0:11:07]} 39. Qe6+
{[%clk 0:20:25]} Kg7 {[%clk 0:11:27]} 40. Kh5 {[%clk 0:20:44]} Qf4
{[%clk 0:08:09]} 41. Qxh6+ {[%clk 0:20:13]} Kf7 {[%clk 0:08:27]} 42. Qg6+
{[%clk 0:19:26]} Kf8 {[%clk 0:08:39]} 43. Qe6 {[%clk 0:18:21]} Kg7
{[%clk 0:06:38]} 44. Qe7+ {[%clk 0:18:38]} Kh8 {[%clk 0:06:59]} 45. Kg6
{[%clk 0:18:53]} 1-0